Szczegóły MARC21

Jane Austen and the Enlightenment /

003 -Nazwa inst., której nr kontr. jest w polu 001 [,]
    • @
    • Nazwa instytucji, której n kontrolny jest w polu 001
    • NUKAT
005 -DATA I CZAS OSTATNIEJ MODYFIKACJI [,]
    • @
    • pole kontrolne
    • 20241231093228.0
020 -Międzynarod. znormalizowany nr książki - ISBN [ , ]
    • a
    • Numer ISBN
    • 9780521843461 Find
    • q
    • Dopowiedzenie
    • hardback
020 -Międzynarod. znormalizowany nr książki - ISBN [ , ]
    • a
    • Numer ISBN
    • 9780521759977 Find
    • q
    • Dopowiedzenie
    • paperback
040 -Instytucja sporządzająca opis [ , ]
    • a
    • Instytucja, która sporządziła opis (NP)
    • WA U/51DT
    • c
    • Instytucja, która sporządziła rekord (NP)
    • WA U/DTs
    • d
    • Instytucja, która zmodyfikowała rekord (P)
    • WA U/KOW
942 -Rodzaj dokumentu [ , ]
    • c
    • Rodzaj dokumentu
    • Książka
100 -Hasło główne - nazwa osobowa [1, ]
    • a
    • Nazwa osobowa (NP)
    • Knox-Shaw, Peter
    • d
    • Daty biograficzne (NP)
    • (1944- ).
    • 9
    • KHW
    • 646746
245 -Strefa tytułu i oznaczenia odpowiedzialności [1,0]
    • a
    • Tytuł
    • Jane Austen and the Enlightenment / Find
    • c
    • Pozostałe elementy strefy tytułu i oznaczenia odpowiedzialności (NP)
    • Peter Knox-Shaw.
260 -Strefa adresu wydawniczego [ , ]
    • a
    • Miejsce wydania (P)
    • Cambridge [etc.] :
    • b
    • Nazwa wydawcy (P)
    • Cambridge University Press,
    • c
    • Data wydania (P)
    • 2009.
300 -Strefa opisu fizycznego [ , ]
    • a
    • Określenie formy książki i/lub objętość (NP)
    • XI, 275 s. ;
    • c
    • Format (NP)
    • 23 cm.
336 -Typ zawartości [ , ]
    • a
    • Termin opisujący typ zawartości
    • Tekst
    • b
    • Kod określający zawartość
    • txt
    • 2
    • Źródło (terminu i kodu)
    • rdacontent
337 -Typ mediów [ , ]
    • a
    • Tryb odtwarzania
    • Bez urządzenia pośredniczącego
    • b
    • Kod typu mediów
    • n
    • 2
    • Źródło (terminu i kodu)
    • rdamedia
338 -Typ/rodzaj nośnika [ , ]
    • a
    • Hasło opisujące typ nośnika
    • Wolumin
    • b
    • Kod typu nośnika
    • nc
    • 2
    • Źródło (terminu i kodu)
    • rdacarrier
504 -Uwaga dot. bibliogr. załącznikowej [ , ]
    • a
    • Uwaga dot. bibliografii załącznikowej
    • Bibliogr. s. 255-267. Indeks.
080 -Uniwersalna Klasyfikacja Dziesiętna [ , ]
    • 2
    • Identyfikator wydania tablic
    • UDC-P058
    • 9
    • UKD
    • 8239
    • a
    • Symbol klasyfikacji
    • 821.111(091)A/Z
    • b
    • Dopowiedzenie
    • Literatura angielska (historia). Poszczególni pisarze.
    • 4
    • UKD2
    • 7644
    • x
    • Poddział wspólny
    • =111
    • c
    • Dopowiedzenie poddz. wspólnego
    • =Język angielski.
080 -Uniwersalna Klasyfikacja Dziesiętna [ , ]
    • 2
    • Identyfikator wydania tablic
    • UDC-P058
    • 9
    • UKD
    • 6996
    • a
    • Symbol klasyfikacji
    • 94(410)
    • b
    • Dopowiedzenie
    • Historia. Wielka Brytania. Zjednoczone Królestwo.
    • 4
    • UKD2
    • 7644
    • x
    • Poddział wspólny
    • =111
    • c
    • Dopowiedzenie poddz. wspólnego
    • =Język angielski.
600 -Hasło przedmiotowe w formie nazwy osobowej [1,7]
    • a
    • Nazwa osobowa
    • Austen, Jane
    • d
    • Daty związane z nazwą
    • (1775-1817)
    • x
    • Określnik rzeczowy
    • filozofia.
    • 2
    • Źródło terminu
    • kaba
    • 9
    • KHW
    • 646860
600 -Hasło przedmiotowe w formie nazwy osobowej [1,7]
    • a
    • Nazwa osobowa
    • Austen, Jane
    • d
    • Daty związane z nazwą
    • (1775-1817)
    • x
    • Określnik rzeczowy
    • myśl polityczna i społeczna.
    • 2
    • Źródło terminu
    • kaba
    • 9
    • KHW
    • 434920
650 -Hasło przedmiotowe [ ,7]
    • a
    • Hasło przedmiotowe
    • Literatura
    • x
    • Określnik rzeczowy
    • aspekt społeczny
    • z
    • Określnik geograficzny
    • Wielka Brytania
    • y
    • Określnik chronologiczny
    • 19 w.
    • 2
    • Źródło terminu
    • kaba
    • 9
    • KHW
    • 369035
650 -Hasło przedmiotowe [ ,7]
    • a
    • Hasło przedmiotowe
    • Oświecenie
    • z
    • Określnik geograficzny
    • Wielka Brytania.
    • 2
    • Źródło terminu
    • kaba
    • 9
    • KHW
    • 567872
650 -Hasło przedmiotowe [ ,7]
    • a
    • Hasło przedmiotowe
    • Sceptycyzm
    • x
    • Określnik rzeczowy
    • w literaturze.
    • 2
    • Źródło terminu
    • kaba
    • 9
    • KHW
    • 516484
651 -Hasło przedmiotowe w formie nazwy geograficznej [ ,7]
    • a
    • Nazwa geograficzna
    • Wielka Brytania
    • x
    • Określnik rzeczowy
    • życie intelektualne
    • y
    • Określnik chronologiczny
    • 18 w.
    • 2
    • Źródło terminu
    • kaba
    • 9
    • KHW
    • 135438
980 -Symbol UKD [ , ]
    • a
    • UKD
    • 821.111(091)Austen J.:94(410)]=111
920 -ISBN [ , ]
    • a
    • ISBN
    • 978-0-521-84346-1 Find
    • q
    • Dopowiedzenie
    • hardback
920 -ISBN [ , ]
    • a
    • ISBN
    • 978-0-521-75997-7 Find
    • q
    • Dopowiedzenie
    • paperback
Sygnatura Lokalizacja Data inwentaryzacji Status udost. Numer inwentarzowy
ANG. Jane Austen 06BM2010-07-141A.8669